000 00881nam a2200277 a 4500
001 25637
003 CO-ViMGA
005 20230915232110.0
008 141112s2004 ck r 000 u spa d
020 _a9789584237200
040 _aCO-ViMGA
_bspa
_cCO-ViMGA
041 _aSPA
082 0 4 _aCh860 N27p
100 1 _aNeruda, Pablo, 1904 - 1973
_93076
245 1 0 _aPara nacer he nacido /
_cPablo Neruda
250 _a1a ed.
260 _aBarcelona :
_bAustral,
_c2010
300 _a411 p.
490 _aContemporánea Narrativa
500 _aIncluye biografía del autor. Incluye índice onomástico.
600 _aNERUDA, PABLO, 1904 - 1973 - CORRESPONDENCIA, MEMORIAS, ETC.
_912702
650 1 4 _aAUTORES CHILENOS
_912705
650 1 4 _aLITERATURA CHILENA - SIGLO XX
_912703
650 1 4 _aPOESIA CHILENA - CRITICA E INTERPRETACION - SIGLO XX
_912704
942 _2ddc
_cBK
999 _c5210
_d5210